La pedagogía jesuítica en la Venezuela hispánica

Saved in:
Bibliografiske detaljer
Hovedforfatter: Rey Fajardo, José del (Author)
Format: Bog
Sprog:spansk
Udgivet: Caracas Fuentes para la Historia Colonial de Venezuela 1979
Serier:Biblioteca de la Academia Nacional de la Historia, 138
Fag:
Tags: Tilføj Tag
Ingen Tags, Vær først til at tagge denne postø!

MARC

LEADER 00000nam a2200000 a 4500
001 UCS8681
003 CL-VaPUC
008 971107e19790000VE |||||||||||||||||spa|d
082 0 4 |a 271.53  |b REY  |2 21 
100 0 |a Rey Fajardo, José del  |e author  |9 393460 
245 1 3 |a La pedagogía jesuítica en la Venezuela hispánica 
300 |a 781 p 
942 |c BK 
945 |d 19971107 00:00:00  |a cmena 
260 |a Caracas  |b Fuentes para la Historia Colonial de Venezuela  |c 1979 
600 0 7 |a COMPAÑIA DE JESUS  |2 CL-VaPUC  |9 318179 
600 0 7 |a JESUITAS  |2 CL-VaPUC  |9 323765 
650 0 |a Iglesia   |9 255004 
650 0 |a Misioneros  |9 324171 
650 0 |a Historia venezolana  |9 393448 
650 7 |a MISIONES RELIGIOSAS  |2 CL-VaPUC  |9 393449 
650 7 |a EVANGELIZACION  |2 CL-VaPUC  |9 393461 
651 0 |a Venezuela  |9 254993 
583 |a last modification  |c 19971107 00:00:00  |k Rodrigo Vera 
490 0 |a Biblioteca de la Academia Nacional de la Historia, 138 
999 |c 262950  |d 262948 
952 |0 0  |1 0  |4 0  |6 271_530000000000000_REY_1979  |7 0  |8 A  |9 292005  |a BIBDER  |b BIBDER  |d 2019-11-19  |i 1900072  |o 271.53 REY 1979  |p 1900072  |r 2023-01-25  |w 2019-11-19  |y BK  |k DER